Pablo Picasso.

Saved in:
Bibliographic Details
Corporate Author: Galerie Nierendorf.
Format: Book
Language:German
Published: [Berlin, 1964]
Series:Kunstblätter der Galerie Nierendorf ; 2.
Subjects:
Tags: Add Tag
No Tags, Be the first to tag this record!
LEADER 00643nam a2200229K 4500
001 004963243-4
005 20020606095253.2
008 831027s1964 gw ac 000 0 ger d
035 0 |a ocm10066105 
040 |a BOS  |c BOS  |d HFL 
110 2 |a Galerie Nierendorf. 
245 0 0 |a Pablo Picasso. 
260 |a [Berlin,  |c 1964] 
300 |a 24 p.  |b illus., port.  |c 23 cm. 
490 1 |a Its Kunstblätter,  |v 2 
500 |a Cover title. 
500 |a "Preisverzeichnis": leaf inserted. 
500 |a Introd. by Paul Westheim. 
600 1 0 |a Picasso, Pablo,  |d 1881-1973. 
830 0 |a Kunstblätter der Galerie Nierendorf ;  |v 2. 
988 |a 20020608 
906 |0 OCLC